Sistema Nacional de Planificación : (Registro nro. 439)
[ vista simple ]
| 000 -CABECERA | |
|---|---|
| campo de control de longitud fija | 00762nam a22001937a 4500 |
| 003 - IDENTIFICADOR DEL NÚMERO DE CONTROL | |
| campo de control | OSt |
| 005 - FECHA Y HORA DE LA ÚLTIMA TRANSACCIÓN | |
| campo de control | 20191105151054.0 |
| 008 - DATOS DE LONGITUD FIJA--INFORMACIÓN GENERAL | |
| campo de control de longitud fija | 160317b xxu||||| |||| 00| 0 eng d |
| 020 ## - NÚMERO INTERNACIONAL ESTÁNDAR DEL LIBRO | |
| Número Internacional Estándar del Libro | |
| 040 ## - FUENTE DE LA CATALOGACIÓN | |
| Centro/agencia transcriptor | RCAA |
| 082 ## - NÚMERO DE LA CLASIFICACIÓN DECIMAL DEWEY | |
| Número de clasificación | RD 330 |
| Número de documento/Ítem | S623 2008 |
| 100 ## - ENTRADA PRINCIPAL--NOMBRE DE PERSONA | |
| Autor Personal | Secretaria de Estado de Economía, Planificación y Desarrollo |
| 245 ## - MENCIÓN DE TÍTULO | |
| Título | Sistema Nacional de Planificación : |
| Resto del título | Nuevo Marco Institucional para la Planificación Nacional |
| Mención de responsabilidad, etc. | Secretaria de Estado de Economía, Planificación y Desarrollo. |
| 260 ## - PUBLICACIÓN, DISTRIBUCIÓN, ETC. | |
| Lugar de publicación, distribución, etc. | Santo Domingo : |
| Nombre del editor, distribuidor, etc. | Secretaría de Estado de Economía Planificación y Desarrollo, |
| Fecha de publicación, distribución, etc. | 2008 |
| 300 ## - DESCRIPCIÓN FÍSICA | |
| Extensión | 232 páginas. |
| 504 ## - NOTA DE BIBLIOGRAFÍA, ETC. | |
| Nota de bibliografía, etc. | Contiene índice.<br/> |
| 650 ## - PUNTO DE ACCESO ADICIONAL DE MATERIA--TÉRMINO DE MATERIA | |
| Término de materia o nombre geográfico como elemento de entrada | Economía -- legislación |
| 942 ## - ELEMENTOS DE PUNTO DE ACCESO ADICIONAL (KOHA) | |
| Fuente del sistema de clasificación o colocación | Dewey Decimal Classification |
| Tipo de ítem Koha | Libros |
| Préstamos Koha (prestado), todas las copias | 1 |
| Estado de retiro | Estado de pérdida | Fuente del sistema de clasificación o colocación | Estado dañado | No para préstamo | Código de colección | Localización permanente | Ubicación/localización actual | Fecha de adquisición | Número de inventario | Total de préstamos | Signatura topográfica completa | Código de barras | Fecha visto por última vez | Fecha del último préstamo | Número de copia | Precio válido a partir de | Tipo de ítem Koha |
|---|---|---|---|---|---|---|---|---|---|---|---|---|---|---|---|---|---|
| Dewey Decimal Classification | Colección Dominicana | SIBM UNADE - Biblioteca Sede Central | SIBM UNADE - Biblioteca Sede Central | 03/17/2016 | 16-00180 | 1 | RD 330 S623 2008 | 16-00180 | 01/24/2020 | 11/05/2019 | e.1 | 03/17/2016 | Libros | ||||
| Dewey Decimal Classification | Colección Dominicana | SIBM UNADE - Biblioteca Sede Central | SIBM UNADE - Biblioteca Sede Central | 03/17/2016 | 16-00181 | RD 330 S623 2008 | 16-00181 | 10/06/2018 | e.2 | 03/17/2016 | Libros | ||||||
| Dewey Decimal Classification | Colección Dominicana | SIBM UNADE - Biblioteca Sede Central | SIBM UNADE - Biblioteca Sede Central | 03/17/2016 | 16-00182 | RD 330 S623 2008 | 16-00182 | 10/06/2018 | e.3 | 03/17/2016 | Libros | ||||||
| Dewey Decimal Classification | Colección Dominicana | SIBM UNADE - Biblioteca Sede Central | SIBM UNADE - Biblioteca Sede Central | 03/17/2016 | 16-00183 | RD 330 S623 2008 | 16-00183 | 10/06/2018 | e.4 | 03/17/2016 | Libros |
